| Tag |
First Indicator |
Second Indicator |
Subfields |
| LEADER |
00000cam a2200000Ia 4500 |
| 001 |
in00002088430 |
| 005 |
20151102161534.0 |
| 008 |
951228q19001950un a 001 0 rusod |
| 035 |
|
|
|a (OCoLC)ocm33972874
|
| 040 |
|
|
|a CRL
|c CRL
|d TXA
|d UtOrBLW
|
| 049 |
|
|
|a TXAM
|
| 090 |
|
|
|a QC21
|b .K6779 1900z
|
| 100 |
1 |
|
|a Kraevich, K. D.
|q (Konstantin Dmitrievich),
|d 1833-1892.
|
| 245 |
1 |
0 |
|a Uchebnik fiziki :
|b kurs srednikh uchebnykh zavedenīĭ /
|c K.D. Kraevich.
|
| 264 |
|
1 |
|a Kolomea :
|b Izd-vo I︠A︡. Orenshteĭna,
|c [between 1900 and 1999]
|
| 300 |
|
|
|a viii, 692 pages :
|b illustrations ;
|c 22 cm.
|
| 336 |
|
|
|a text
|b txt
|2 rdacontent
|
| 337 |
|
|
|a unmediated
|b n
|2 rdamedia
|
| 338 |
|
|
|a volume
|b nc
|2 rdacarrier
|
| 500 |
|
|
|a Includes index.
|
| 536 |
|
|
|a From the Estate of George and Mathilda Sabo by Dr. Joseph R. Corcoran & Irene Sabo Corcoran and Family. September 1998.
|
| 650 |
|
0 |
|a Physics.
|
| 948 |
|
|
|a cataloged
|b h
|c 2005/12/2
|d c
|e tchubary
|f 4:15:47 pm
|
| 994 |
|
|
|a C0
|b TXA
|
| 999 |
|
|
|a MARS
|
| 999 |
f |
f |
|s 9a4316d2-7bd4-3591-81db-8926a31a3c66
|i 2c577dbc-a39d-3bae-87a0-e76dace61d7d
|t 0
|
| 952 |
f |
f |
|p ric
|a Texas A&M University
|b Rellis Campus
|c Joint Library Facility
|d Remote Storage
|t 0
|e QC21 .K6779 1900z
|h Library of Congress classification
|i unmediated -- volume
|m A14833272552
|
| 998 |
f |
f |
|a QC21 .K6779 1900z
|t 0
|l Remote Storage
|